|
|
|
|
| LEADER |
01005nam a2200385 a 4500 |
| 001 |
000021113 |
| 003 |
SVKKK |
| 005 |
20070116103605.0 |
| 008 |
030616c2002 xo e sloo |
| FMT |
|
|
|
| 020 |
|
|
|a 80-7162-414-4
|
| 038 |
|
|
|a SVKKK
|
| 040 |
|
|
|a SVKKK
|b slo
|e AACR2
|
| 041 |
0 |
|
|a slo
|
| 044 |
|
|
|a xo
|
| 080 |
|
|
|a 262.14(437.6)
|2 1981
|
| 080 |
|
|
|a 929 Hlaváč, Štefan
|2 1981
|
| 090 |
|
|
|a III.192605
|
| 100 |
1 |
|
|a Halás, Štefan
|4 aut
|
| 245 |
1 |
0 |
|a Osobnosť profesora Hlaváča /
|c Halás Štefan
|
| 260 |
|
|
|a Trnava :
|b Spolok svätého Vojtecha,
|c 2002
|
| 300 |
|
|
|a 235 s. :
|b Lit., prílohy
|
| 520 |
2 |
|
|b Život a dielo profesora Štefana Hermana, rímskokatolického kňaza.
|
| 600 |
1 |
4 |
|a Hlaváč, Štefan,
|d 1903-1983,
|x kňaz katolický
|x biografie
|
| 957 |
|
|
|a Hermanovce
|
| 957 |
|
|
|a Humenné
|
| 957 |
|
|
|a Michalovce
|
| 958 |
|
|
|a HE
|
| 958 |
|
|
|a MI
|
| 958 |
|
|
|a PO
|
| 974 |
|
|
|d 030320
|a Fav
|
| 992 |
|
|
|a AAU
|
| BAS |
|
|
|
| 852 |
|
|
|a SVKKK
|b BIB
|
| 998 |
|
|
|a REG
|